000
00298nam a2200121 a 4500
008
110107s1975|||| d
100
1
_a
Lenin, V. I.
245
1
0
_a
Detská nemoc "ľavičiarstva" v komunizme
260
_b
Pravda
_a
Bratislava
_c
1975
020
_c
4
044
_a
xo
_c
SK
041
_a
slo
999
_c
15554
_d
15554